000 00650nam a2200229Ia 4500
003 OSt
005 20221005133603.0
006 a|||||r|||| 00| 0
007 ta
008 221004b |||||||| |||| 00| 0 hin d
024 _a65017
037 _cTextual
040 _aCRL
_cCRL
_bhin
041 _2hin
_ahin
082 _aO152,3jM81, 152H6
100 _aप्रेमी, ले.
245 0 _aप्रेमी अभिनन्दन ग्रंथ
246 _aPremī abhinandan grantha
260 _c1946
942 _hO152,3jM81, 152H6
_cTEXL
_2cc
999 _c1067290
_d1067290